| 000 | 00376nam a2200133Ia 4500 | ||
|---|---|---|---|
| 008 | 220217s9999||||xx |||||||||||||| ||und|| | ||
| 020 | _a81-315-0299-6 | ||
| 082 | _a621.382 2 STU | ||
| 100 |
_aStuller, John Alan _95527 |
||
| 245 | 0 | _aIntroduction to signals and systems | |
| 260 |
_aThomson books _bAustralia _c2007 |
||
| 300 | _b295 | ||
| 650 |
_aSIGNAL PROCESSING _9719 |
||
| 999 |
_c176532 _d176532 |
||